000 00366cam a2200145ua 4500
041 _aeng
_h
082 _a823.301
_bKEN/WO
100 _aKennett, John .
245 _aWonder tales of ancient Greece /
_cJohn Kennett.
_hTextual Documents
260 _aLondon :
_bBlackie & Son Ltd ,
_c1964.
300 _a88 ; .
504 _a
942 _cBK
999 _c12544
_d12544